000 00758nam a22002177a 4500
003 UA-OsUOA
001 114626
007 ta
008 20151116b un ||||| |||| 00| 0 ukr d
100 _aЛосієвський І.
090 _a659
_bЛ79
942 _cSA
040 _aUA-OsUOA
_bukr
_cUA-OsUOA
_dUA-OsUOA
245 _aЗасіб символьної комунікації: від історії до сьогодення
300 _aС.13-14
955 _a0
041 _aukr
080 _a659
773 0 _w114625
_tВісник книжкової палати
_dК.
_d2015
_g9
650 7 _a659 Реклама. Система інформації. Громадська інформація та реклама (Паблик-Рилейшнз)
_2UDC
999 _c400770
_d400770